000 00439nam a22001697a 4500
003 MACL
005 20160730152723.0
008 160730b xxu||||| |||| 00| 0 eng d
040 _cMACL
041 _aHindi
082 _a300 GUP
100 _aGupta, D.K
_965846
245 _aChild Labour
_bIssues And Policy
_cD K Gupta
260 _aNew Delhi
_bSahitya Kendra Prakashan
_c2009
650 _aSocial Science
_965847
942 _2ddc
_cBK
999 _c55375
_d55375